| 000 | 00398nam a22001457a 4500 | ||
|---|---|---|---|
| 020 | _a9789381226674 | ||
| 082 |
_a631.584. _bBAL/PR |
||
| 100 |
_aBalasubramanian R. _91022 |
||
| 100 |
_aBalakrishnan K. _91023 |
||
| 100 |
_aSivasubramanian K. _91024 |
||
| 245 | _aPrinciples and Practices of Organic Farming | ||
| 260 |
_aDelhi _bSatish Serial Publishing House _c2013 |
||
| 300 | _a453 | ||
| 942 | _cBK | ||
| 999 |
_c14593 _d14593 |
||